Mensen op de Foto met Koningin Elizabeth II - Statistieken

Algemene statistieken
  • Deze quiz is 1.190 keer genomen
  • De gemiddelde score is 10 van 16
Antwoordstatistieken
Foto Antwoord % Correct
Koning Charles III
93%
Prinses Diana
86%
Nelson Mandela
85%
Michelle Obama
84%
Angela Merkel
80%
Boris Johnson
78%
Lady Gaga
72%
George W. Bush
69%
Winston Churchill
66%
Prins Philip
57%
Ronald Reagan
53%
Margaret Thatcher
40%
Charles de Gaulle
34%
Johannes Paulus II
33%
Edward VIII
18%
Sarah, Hertogin van York
18%
Geen overeenkomende quizzen gevonden
Scoreverdeling
Procent van Mensen met Elke Score
Percentiel versus Aantal Correcte Antwoorden
Uw Scoregeschiedenis
U heeft deze quiz nog niet genomen